| 000 | 00411nam a22001337a 4500 | ||
|---|---|---|---|
| 040 | _cNUST | ||
| 082 | _a200 THE | ||
| 100 |
_aMUHAMMAD KAMRAN, _998340 |
||
| 110 |
_aDR RIZWAN SAEED CHOUDHRY _9108282 |
||
| 245 | _aTH-SOF-0882-A NUMERICAL AND ECPERIMENTAL INVESTIGATION OF OPEN HOLE COMPRESSION TESTING | ||
| 260 |
_aISLAMABAD: _bNUST COLLEGE OF EME, _c2014. |
||
| 650 |
_aMS-MECH-64 _9108178 |
||
| 942 |
_2ddc _cTHE |
||
| 999 |
_c593086 _d593086 |
||